000 00616nam a2200181Ia 4500
008 090123s9999 xx 000 0 und d
082 _b36909
_a891.463/धारप
100 _aधारप नारायण
245 _aसमर्थांचिया सेवका
250 _a1
260 _bमनोरमा प्रकाशन
_c2004
300 _a160
600 _aधारप नारायण
630 _aसमर्थांचिया सेवका
700 _aधारप नारायण
730 _aसमर्थांचिया सेवका
942 _cBOOK
999 _c74976
_d74976